Leaves of grass
Guardat en:
| Autor principal: | |
|---|---|
| Format: | Llibre |
| Idioma: | anglès |
| Publicat: |
Nueva York
New American Library
1958
|
| Col·lecció: | Signet Classic
|
| Matèries: | |
| Etiquetes: |
Afegir etiqueta
Sense etiquetes, Sigues el primer a etiquetar aquest registre!
|
MARC
| LEADER | 00000nam a2200000 a 4500 | ||
|---|---|---|---|
| 001 | UCQ3659 | ||
| 003 | CL-VaPUC | ||
| 008 | 980821e19580000US |||||||||||||||||eng|d | ||
| 082 | 0 | 4 | |a 811 |b WHI |2 21 |
| 100 | 0 | |a Whitman, Walt |e author |9 328683 | |
| 245 | 1 | 0 | |a Leaves of grass |
| 300 | |a 430 p | ||
| 942 | |c BK | ||
| 945 | |d 19980821 00:00:00 |a crobeson | ||
| 260 | |a Nueva York |b New American Library |c 1958 | ||
| 650 | 7 | |a POESIAS ESTADOUNIDENSES |2 CL-VaPUC |9 417926 | |
| 650 | 0 | |a Literatura estadounidense |9 317168 | |
| 583 | |a last modification |c 19980821 00:00:00 |k Rodrigo Vera | ||
| 490 | 0 | |a Signet Classic | |
| 999 | |c 274176 |d 274174 | ||
| 952 | |0 0 |1 0 |4 0 |6 811_000000000000000_WHI_1958 |7 0 |8 A |9 310279 |a BIBEDU |b BIBEDU |d 2019-11-20 |i 1456806 |o 811 WHI 1958 |p 1456806 |r 2019-11-20 |w 2019-11-20 |y BK |k LIT | ||